Statystyki dla 40 Największych miast Belgii

Kliknij tutaj aby rozwiązać quiz!

Ogólne statystyki

  • Ten quiz został rozwiązany 31 razy
  • Średni wynik to 14 z 40

Statystyki odpowiedzi

PopulacjaRegionMiasto% Poprawnych
185,103BrusselsBrussels / Bruksela
97%
529,247FlandersAntwerp / Antwerpia
93%
197,217WalloniaLiège
86%
263,927FlandersGhent
79%
202,746WalloniaCharleroi
76%
66,447FlandersGenk
72%
71,647FlandersOstend
55%
86,921FlandersMechelen
52%
111,432WalloniaNamur
48%
77,109FlandersKortrijk
45%
102,275FlandersLeuven
45%
118,656FlandersBruges
41%
95,887WalloniaMons
41%
87,332FlandersAalst
38%
120,887BrusselsAnderlecht
38%
49,047FlandersBeveren
31%
78,714FlandersHasselt
31%
58,767WalloniaMouscron
31%
63,478FlandersRoeselare
31%
49,678BrusselsSaint-Gilles / Saint
28%
78,531FlandersSint-Niklaas / Sint-N
28%
83,980BrusselsUccle
28%
52,728BrusselsJette
24%
132,799BrusselsSchaerbeek
24%
69,083WalloniaTournai
24%
45,280FlandersTurnhout
24%
46,598FlandersBeringen
21%
48,473BrusselsEtterbeek
21%
87,632BrusselsIxelles
21%
81,138WalloniaLa Louvière
21%
64,192WalloniaSeraing
21%
55,290WalloniaVerviers
21%
45,870FlandersDendermonde
17%
45,495FlandersVilvoorde
17%
43,423FlandersDilbeek
14%
56,581BrusselsForest
14%
42,950FlandersHeist-op-den-Berg / Heist
14%
57,712BrusselsWoluwe-Saint-Lambert / Woluwe
14%
43,580FlandersDeinze
10%
97,979BrusselsSint-Jans-Molenbeek / Sint-J
10%

Rozkład punktacji

Percentyl według liczby udzielonych odpowiedzi

Procent ludzi z każdym wynikiem

Twoja historia wyników

Nie rozwiązałeś tego quizu